00704 a2200157 45000010006000000050017000060080041000230030015000640400040000790800022001192450040001412640075001813000021002565050239002771000030005165471020260407155822.0260407a1979 arg spa dAR-UNSa-BCEJYS aAR-UNSa-BCEJYSbspacAR-UNSa-BCEJYS a321.7xDemocracia10aOpiniones para una democracia digna 1aBuenos Aires :bEUDEBA (Editorial Universitaria de Buenos Aires)c1979 a103 p.c22,5 cm. aI. La problemática del optar - II. Factibilidad - III. Las opciones económicas - IV. Las opciones sociales - V. Las opciones políticas - VI. Las opciones morales - VII. Las opciones religiosas - VIII. La aplicación del esquema1 aCardenas, Rodolfo Marcelo